Central Library OPAC University of Rajshahi

Written Arabic: (Record no. 43275)

MARC details
000 -LEADER
fixed length control field 00981nam a2200301 a 4500
001 - CONTROL NUMBER
control field 43275
003 - CONTROL NUMBER IDENTIFIER
rucl marc code BD-RjUL
005 - DATE AND TIME OF LATEST TRANSACTION
control field 20211209053656.0
008 - FIXED-LENGTH DATA ELEMENTS--GENERAL INFORMATION
fixed length control field 160620s1968 enk 001 0 eng
020 ## - INTERNATIONAL STANDARD BOOK NUMBER
International Standard Book Number 0521070813
035 ## - SYSTEM CONTROL NUMBER
System control number (BD-RjUL)43393
-- (OCoLC)ocm00440375
System control number (OCoLC)440375
System control number (NNC)8051679
040 ## - CATALOGING SOURCE
Original cataloging agency DLC
Transcribing agency DLC
Modifying agency NLM
-- BUQ
-- UKM
-- OCLCQ
-- NLGGC
-- BTCTA
-- OCLCG
-- CPE
-- BD-RjUL
Language of cataloging eng
041 0# - LANGUAGE CODE
Language code of text/sound track or separate title engara
082 00 - DEWEY DECIMAL CLASSIFICATION NUMBER
Classification number 492.75
Edition number 23
Author mark and year BEW 1968
084 ## - OTHER CLASSIFICATION NUMBER
Number source bcl
100 1# - MAIN ENTRY--PERSONAL NAME
Personal name Beeston, A. F. L.
Fuller form of name (Alfred Felix Landon)
9 (RLIN) 132919
245 10 - TITLE STATEMENT
Title Written Arabic:
Remainder of title an approach to the basic structures /
Statement of responsibility, etc. by A.F.L. Beeston.
260 ## - PUBLICATION, DISTRIBUTION, ETC. (IMPRINT)
Place of publication, distribution, etc. London :
Name of publisher, distributor, etc. Cambridge U.P.,
Date of publication, distribution, etc. 1968.
300 ## - PHYSICAL DESCRIPTION
Pagination v,117 p. ;
Size 23 cm.
500 ## - GENERAL NOTE
General note Includes Arabic and English index.
650 #0 - SUBJECT ADDED ENTRY--TOPICAL TERM
Topical term or geographic name as entry element Arabic language
Form subdivision Textbooks for foreign speakers
General subdivision English.
9 (RLIN) 132920
Topical term or geographic name as entry element Philology.
9 (RLIN) 132921
Topical term or geographic name as entry element Arabisch.
Source of heading or term gtt
9 (RLIN) 132922
942 ## - ADDED ENTRY ELEMENTS (KOHA)
Source of classification or shelving scheme Dewey Decimal Classification
Koha item type Books
Holdings
Lost status Source of classification or shelving scheme Damaged status Not for loan Collection code Permanent Location Current Location Shelving location Date acquired Source of acquisition Cost, normal purchase price Total Checkouts Full call number Date last seen Copy number Koha item type Date checked out
  Dewey Decimal Classification     Non-fiction Central Library, University of Rajshahi Central Library, University of Rajshahi   26/10/1970 Swits & Zillinger 3.00   492.75 BEW 1968 20/06/2016 C-2 Books  
  Dewey Decimal Classification     Non-fiction Central Library, University of Rajshahi Central Library, University of Rajshahi   26/10/1970 Swits & Zillinger 3.00 1 492.75 BEW 1968 31/12/2019 C-3 Books 03/09/2019